Экспериментальное исследование электромагнитного поля в зоне лобовых частей обмотки статора при наличии токопроводящих экранов; Известия Томского политехнического института [Известия ТПИ]; Т. 265 : Электрические машины и аппараты

التفاصيل البيبلوغرافية
Parent link:Известия Томского политехнического института [Известия ТПИ]/ Томский политехнический институт (ТПИ).— , 1944-1976
Т. 265 : Электрические машины и аппараты.— 1973.— [С. 48-54]
المؤلف الرئيسي: Оганян Л. О.
الملخص:Заглавие с титульного листа
Электронная версия печатной публикации
Экспериментальным методом на физической модели торцовой зоны ударного генератора исследуется магнитное поле лобовых частей при наличии токопроводящих экранов. Измерения проводились датчиками Холла, ориентированными по трем взаимно перпендикулярным осям. Представлены кривые изменения амплитуд составляющих магнитной индукции.
اللغة:الروسية
منشور في: 1973
الموضوعات:
الوصول للمادة أونلاين:Черно-белая версия для предварительного просмотра
Цветная версия без потери качества
التنسيق: MixedMaterials الكتروني فصل الكتاب
KOHA link:https://koha.lib.tpu.ru/cgi-bin/koha/opac-detail.pl?biblionumber=236508

MARC

LEADER 00000nla2a2200000 4500
001 236508
005 20231031204716.0
035 |a (RuTPU)RU\TPU\book\257674 
035 |a RU\TPU\book\257673 
090 |a 236508 
100 |a 20130424d1973 k y0rusy50 ca 
101 0 |a rus 
102 |a RU 
135 |a drnn ---uucaa 
181 0 |a i  
182 0 |a b 
200 1 |a Экспериментальное исследование электромагнитного поля в зоне лобовых частей обмотки статора при наличии токопроводящих экранов  |b Электронный ресурс  |f Л. О. Оганян 
203 |a Текст  |c электронный 
215 |a 2 файла (523 Кб, 13.9 Мб) 
230 |a Электронные текстовые данные (2 файла : 523 Кб, 13.9 Мб) 
300 |a Заглавие с титульного листа 
300 |a Электронная версия печатной публикации 
320 |a [Библиогр.: с. 54 (4 назв.)] 
330 |a Экспериментальным методом на физической модели торцовой зоны ударного генератора исследуется магнитное поле лобовых частей при наличии токопроводящих экранов. Измерения проводились датчиками Холла, ориентированными по трем взаимно перпендикулярным осям. Представлены кривые изменения амплитуд составляющих магнитной индукции. 
337 |a Adobe Reader 
461 1 |0 (RuTPU)RU\TPU\book\200995  |t Известия Томского политехнического института [Известия ТПИ]  |f Томский политехнический институт (ТПИ)  |d 1944-1976 
463 1 |0 (RuTPU)RU\TPU\book\257638  |t Т. 265 : Электрические машины и аппараты  |v [С. 48-54]  |d 1973  |p 222 с. 
610 1 |a электронный ресурс 
610 1 |a труды учёных ТПУ 
675 |a 621.313  |v 3 
700 1 |a Оганян  |b Л. О. 
801 1 |a RU  |b 63413507  |c 20090320  |g PSBO 
801 2 |a RU  |b 63413507  |c 20130507  |g PSBO 
856 4 |u http://www.lib.tpu.ru/fulltext/v/Bulletin_TPU/1973/v265/09_bw.pdf  |z Черно-белая версия для предварительного просмотра 
856 4 |u http://www.lib.tpu.ru/fulltext/v/Bulletin_TPU/1973/v265/09_full.pdf  |z Цветная версия без потери качества 
942 |c CF